Hard behind Bars

সংরক্ষণ করুন:
গ্রন্থ-পঞ্জীর বিবরন
প্রধান লেখক: Lynch, Dirk
বিন্যাস: গ্রন্থ
ভাষা:ইংরেজি
প্রকাশিত: New York
ট্যাগগুলো: ট্যাগ যুক্ত করুন
কোনো ট্যাগ নেই, প্রথমজন হিসাবে ট্যাগ করুন!

MARC

LEADER 00000nam a2200000 4500
001 CDOM0000003810
003 mi
005 20250918170456.0
008 250918b |||||||| |||| 00| 0 eng d
040 |c mi 
100 |a Lynch, Dirk 
245 1 |a Hard behind Bars  
260 |a New York 
942 |2 ddc  |c BK 
952 |0 0  |1 0  |2 ddc  |4 0  |7 0  |9 7016  |a MI  |b MI  |d 2009-09-02  |i 5546  |l 0  |p CDOM5546  |r 2025-07-13 16:28:00  |w 2025-07-13  |x DONO  |y BK 
999 |c 5732  |d 5732